Normal view
MARC view
Entry Topical Term
001 - CONTROL NUMBER
- control field: 33631
003 - CONTROL NUMBER IDENTIFIER
- control field: dpl
005 - DATE AND TIME OF LATEST TRANSACTION
- control field: 20110825113513.0
008 - FIXED-LENGTH DATA ELEMENTS
- fixed length control field: 110825|||a|||||| | ||| d
040 ## - CATALOGING SOURCE
- Original cataloging agency: dpl
- Transcribing agency: dpl
150 ## - HEADING--TOPICAL TERM
- Topical term or geographic name as entry element:
670 ## - SOURCE DATA FOUND
- Source citation: Work cat.: (dpl): इन्दुरख्या, राकेश 33630, सूर्य नमस्कार /, 2009
670 ## - SOURCE DATA FOUND
- Source citation: Work cat.: (dpl): इन्दुरख्या, राकेश 33630, सूर्य नमस्कार /, 2009
